Fundamental electrical technology / (Record no. 190988)

000 -LEADER
fixed length control field 01307 a2200193 4500
003 - CONTROL NUMBER IDENTIFIER
control field Nust
005 - DATE AND TIME OF LATEST TRANSACTION
control field 20230718115240.0
010 ## - LIBRARY OF CONGRESS CONTROL NUMBER
LC control number 75009011
020 ## - INTERNATIONAL STANDARD BOOK NUMBER
International Standard Book Number 0201038307
040 ## - CATALOGING SOURCE
Transcribing agency Nust
082 00 - DEWEY DECIMAL CLASSIFICATION NUMBER
Classification number 621.3,KLA
100 1# - MAIN ENTRY--PERSONAL NAME
Personal name Klayton, Marvin H.
9 (RLIN) 113705
245 10 - TITLE STATEMENT
Title Fundamental electrical technology /
Statement of responsibility, etc. Marvin H. Klayton.
260 ## - PUBLICATION, DISTRIBUTION, ETC.
Place of publication, distribution, etc. Reading, Mass
Name of publisher, distributor, etc. Addison-Wesley
Date of publication, distribution, etc. 1977
300 ## - PHYSICAL DESCRIPTION
Extent xv, 710 p. :
Other physical details ill. ;
Dimensions 25 cm.
505 ## - FORMATTED CONTENTS NOTE
Formatted contents note 0 Introductory Topic (Page-1), Electrical Currents (Page-25), Elementary Electrical Circuits (Page-61), The Laws of Circuits and Circuits Solutions (Page-95), Magnetism (Page-165), Electromagnetism (Page-177), Electromagnetic Indication (Page-209) Inductance in Direct- Current Circuits (Page-225), Capacitance (Page-263), Dynamics and Trigonometry (Page-297), Element of Alternating – current Circuits (Page-323), Alternating – Current Circuit Calculations (Page-379), Ac Circuit Network Solution (Page-423), Polyphone Circuits (Page-451), The Close- Coupled Transformer (Page-469), Attenuation and Gain in Electrical Systems (Page-499), Resonant Circuits (Page-523), Filters Attenuators and Notching Network (Page-559), Electrical Signals (Page-603), Electrical Measurements and Instrument (Page-629).
650 #0 - SUBJECT ADDED ENTRY--TOPICAL TERM
Topical term or geographic name entry element Electrical engineering.
942 ## - ADDED ENTRY ELEMENTS (KOHA)
Source of classification or shelving scheme
Koha item type Book Bank
Holdings
Withdrawn status Lost status Source of classification or shelving scheme Damaged status Not for loan Permanent Location Current Location Shelving location Date acquired Full call number Barcode Date last seen Price effective from Koha item type Public note
          Military College of Signals (MCS) Military College of Signals (MCS) General Stacks 12/12/2016 621.3,KLA MCS5509 12/08/2016 12/12/2016 Book Almirah No 88, Shelf No 2
© 2023 Central Library, National University of Sciences and Technology. All Rights Reserved.